Mathematical methods in chemical engineering (Record no. 25039)

000 -LEADER
fixed length control field 00548nam a22002051 4500
001 - CONTROL NUMBER
control field 25039
003 - CONTROL NUMBER IDENTIFIER
control field BD-DhUET
008 - FIXED-LENGTH DATA ELEMENTS--GENERAL INFORMATION
fixed length control field 730313s1963 xx 000 0 eng
040 ## - CATALOGING SOURCE
Original cataloging agency DLC
Transcribing agency OClU
Modifying agency BD-DhUET
082 ## - DEWEY DECIMAL CLASSIFICATION NUMBER
Classification number 660.28
Item number JEN/1963
100 ## - MAIN ENTRY--PERSONAL NAME
Personal name Jenson, V. G.
245 10 - TITLE STATEMENT
Title Mathematical methods in chemical engineering
250 ## - EDITION STATEMENT
Edition statement 1st ed.
260 ## - PUBLICATION, DISTRIBUTION, ETC. (IMPRINT)
Place of publication, distribution, etc. London
Name of publisher, distributor, etc. Academic Press
Date of publication, distribution, etc. 1963
300 ## - PHYSICAL DESCRIPTION
Extent xi, 556 p.
Other physical details illus.
Dimensions 24cm.
504 ## - BIBLIOGRAPHY, ETC. NOTE
Bibliography, etc Includes bibliographies
650 #0 - SUBJECT ADDED ENTRY--TOPICAL TERM
Topical term or geographic name as entry element Chemical engineering
700 ## - ADDED ENTRY--PERSONAL NAME
Personal name Jeffreys, G. V.
942 ## - ADDED ENTRY ELEMENTS (KOHA)
Koha item type General Book
Holdings
Source of classification or shelving scheme Not for loan Koha normalized classification for sorting Damaged status Piece designation (barcode) Koha date last seen Sublocation or collection (holding branch) Price effective from Location (home branch) Withdrawn status Date acquired Copy number Lost status Koha full call number Shelving location Koha item type
  660_280000000000000_JEN_1963 224382015-05-12Central Library, BUET2015-05-12Central Library, BUET 2015-05-121 660.28/JEN/1963Circulation sectionGeneral Book
  660_280000000000000_JEN_1963 224402015-05-12Central Library, BUET2015-05-12Central Library, BUET 2015-05-122 660.28/JEN/1963Circulation sectionGeneral Book
  660_280000000000000_JEN_1963 224342015-05-12Central Library, BUET2015-05-12Central Library, BUET 2015-05-123 660.28/JEN/1963Circulation sectionGeneral Book
  660_280000000000000_JEN_1963 224322015-05-18Central Library, BUET2015-05-18Central Library, BUET 2015-05-184 660.28/JEN/1963Circulation sectionGeneral Book
  660_280000000000000_JEN_1963 224352015-05-18Central Library, BUET2015-05-18Central Library, BUET 2015-05-185 660.28/JEN/1963Circulation sectionGeneral Book
  660_280000000000000_JEN_1963 294502015-05-18Central Library, BUET2015-05-18Central Library, BUET 2015-05-186 660.28/JEN/1963Circulation sectionGeneral Book
  660_280000000000000_JEN_1963 294492015-05-18Central Library, BUET2015-05-18Central Library, BUET 2015-05-187 660.28/JEN/1963Circulation sectionGeneral Book
  660_280000000000000_JEN_1963 294482015-05-18Central Library, BUET2015-05-18Central Library, BUET 2015-05-188 660.28/JEN/1963Circulation sectionGeneral Book
  660_280000000000000_JEN_1963 294572015-05-18Central Library, BUET2015-05-18Central Library, BUET 2015-05-189 660.28/JEN/1963Circulation sectionGeneral Book
  660_280000000000000_JEN_1963 294542015-05-18Central Library, BUET2015-05-18Central Library, BUET 2015-05-1810 660.28/JEN/1963Circulation sectionGeneral Book
  660_280000000000000_JEN_1963 294532015-05-18Central Library, BUET2015-05-18Central Library, BUET 2015-05-1811 660.28/JEN/1963Circulation sectionGeneral Book
  660_280000000000000_JEN_1963 294512015-05-18Central Library, BUET2015-05-18Central Library, BUET 2015-05-1812 660.28/JEN/1963Circulation sectionGeneral Book
  660_280000000000000_JEN_1963 224312015-05-18Central Library, BUET2015-05-18Central Library, BUET 2015-05-1813 660.28/JEN/1963Circulation sectionGeneral Book
  660_280000000000000_JEN_1963 294522015-05-18Central Library, BUET2015-05-18Central Library, BUET 2015-05-1814 660.28/JEN/1963Circulation sectionGeneral Book
  660_280000000000000_JEN_1963 224362015-05-18Central Library, BUET2015-05-18Central Library, BUET 2015-05-1815 660.28/JEN/1963Circulation sectionGeneral Book
  660_280000000000000_JEN_1963 294562015-06-17Central Library, BUET2015-06-17Central Library, BUET 2015-06-1716 660.28/JEN/1963Reading sectionReading Item
  660_280000000000000_JEN_1963 29455.2015-06-18Central Library, BUET2015-06-18Central Library, BUET 2015-06-1817 660.28/JEN/1963Reading sectionReading Item
  660_280000000000000_JEN_1963 224392015-07-10Central Library, BUET2015-07-10Central Library, BUET 2015-07-1018 660.28/JEN/1963Reading sectionReading Item